Making microfinance work managing for improved performance /

Bibliographic Details
Main Author: Churchill, Craig Farren, 1964-
Corporate Author: ProQuest (Firm)
Other Authors: Frankiewicz, Cheryl.
Format: Electronic eBook
Language:English
Published: Geneva : International Labour Office, 2006.
Subjects:
Online Access:Click to View
LEADER 01451nam a2200397 a 4500
001 EBC605710
003 MiAaPQ
005 20200520144314.0
006 m o d |
007 cr cn|||||||||
008 070510s2006 sz a sb 001 0 eng d
010 |z  2007425400 
020 |z 9221186571 
020 |z 9789221186571 
020 |a 9789221186588 (electronic bk.) 
035 |a (MiAaPQ)EBC605710 
035 |a (Au-PeEL)EBL605710 
035 |a (CaPaEBR)ebr10512143 
035 |a (OCoLC)704257963 
040 |a MiAaPQ  |c MiAaPQ  |d MiAaPQ 
050 4 |a HG178.3  |b .C48 2006 
082 0 4 |a 332.1/753  |2 22 
100 1 |a Churchill, Craig Farren,  |d 1964- 
245 1 0 |a Making microfinance work  |h [electronic resource] :  |b managing for improved performance /  |c Craig Churchill and Cheryl Frankiewicz. 
260 |a Geneva :  |b International Labour Office,  |c 2006. 
300 |a xii, 416 p. :  |b col. ill. 
504 |a Includes bibliographical references (391-398) and index. 
533 |a Electronic reproduction. Ann Arbor, MI : ProQuest, 2015. Available via World Wide Web. Access may be limited to ProQuest affiliated libraries. 
650 0 |a Microfinance. 
650 0 |a Business enterprises  |x Finance. 
650 0 |a Management. 
650 0 |a Marketing. 
655 4 |a Electronic books. 
700 1 |a Frankiewicz, Cheryl. 
710 2 |a ProQuest (Firm) 
856 4 0 |u https://ebookcentral.proquest.com/lib/matrademy/detail.action?docID=605710  |z Click to View